| 000 | 00366nam a2200145Ia 4500 | ||
|---|---|---|---|
| 008 | 221030s9999 xx 000 0 und d | ||
| 041 | _aEnglish | ||
| 082 | _a105.23 | ||
| 100 | _aN. N. Bhargava | ||
| 245 | 0 |
_aBasic Electronics & Linear Circuits _cby N. N. Bhargava, D. C. Kulshrestha |
|
| 260 | _c0 | ||
| 650 | _aB | ||
| 700 | _aD. C. Kulshrestha | ||
| 942 | _cBK | ||
| 999 |
_c13121 _d13121 |
||